Podgatunki lwa afrykańskiego - Statystyki

Ogólne statystyki
  • Ten quiz został rozwiązany 2 razy
  • Średni wynik to 5 z 11
Statystyki odpowiedzi
Zasięg Podgatunek % Poprawnych
Angola, Zimbabwe Lew angolski
100%
Indie Lew azjatycki
50%
Kamerun, Czad Lew kameruński
50%
Kenia Lew kongijski
50%
Afryka Południowa Lew południowoafrykański
50%
Senegal Lew senegalski
50%
Uganda Lew ugandyjski
50%
Kenia, Tanzania Lew wschodnioafrykański
50%
Północne Kongo Lew azandyjski
0%
Botswana Lew kalaharyjski
0%
Afryka Wschodnia Lew masajski
0%
Nie znaleziono quizów pasujących do podanych kryteriów
Rozkład punktacji
Procent ludzi z każdym wynikiem
Percentyl według liczby udzielonych odpowiedzi
Twoja historia wyników
Nie rozwiązałeś tego quizu